000 00703nam a2200205 i 4500
001 46388
003 ES-MaACL
007 t|
008 030328s1974 sp ||||1| spa d
245 0 3 _aLa concepción analítica de la filosofía /
_cselección e introducción de Javier Muguerza ; versión de A. Deaño, J. C. García Bermejo, J. Muguerza... [et al.].
260 _a[Madrid] :
_bAlianza,
_c[1974]
300 _a1 t. en 2 v. ;
_c20 cm.
490 1 _aAlianza universidad
700 1 _aMuguerza, Javier.
_984074
700 1 _aGarcía Bermejo, J. C.
_954259
700 1 _aDeaño, A.
_943104
830 0 _aAlianza universidad
_9177276
852 _aES-MaACL
_jE-9542-3
_bR.93924
999 _c46388
_d46388